|
|
|
|
| LEADER |
00000nab#a22000007a#4500 |
| 001 |
arbauad004306 |
| 003 |
AR-BaUAD |
| 005 |
20250711110629.0 |
| 008 |
940429|||||||||###||||||b###|0###a|spa|| |
| 040 |
|
|
|a AR-BaUAD
|c AR-BaUAD
|b spa
|
| 100 |
|
|
|a Siroto, Janet
|
| 245 |
|
|
|a Future chic /
|c Janet Siroto;
|
| 300 |
0 |
|
|b p. 164, 172, 178 : il., fot.
|
| 653 |
|
|
|a CINE
|
| 653 |
|
|
|a VESTUARIO
|
| 653 |
|
|
|a CIENCIA FICCION
|
| 773 |
0 |
|
|t Vogue
|g v. 184, no. 3 [mar. 1994]
|
| 942 |
|
|
|c ARTI
|
| 952 |
|
|
|0 0
|1 0
|4 0
|7 0
|9 49226
|a AR-BAuAD
|b AR-BAuAD
|d 2025-07-11
|l 0
|p AAQA004306
|r 2025-07-11 11:06:29
|w 2025-07-11
|y ARTI
|
| 990 |
|
|
|a C198
|b TD
|
| 990 |
|
|
|a DT198
|b TD
|
| 998 |
|
|
|a AAQ
|b BIBUN76
|
| 999 |
|
|
|c 28899
|d 28899
|